| 000 | 00370nam a2200145Ia 4500 | ||
|---|---|---|---|
| 008 | 230917s9999||||xx |||||||||||||| ||und|| | ||
| 040 |
_e42622 _aMAIN |
||
| 041 | _aEnglish | ||
| 082 | _a942 S19C | ||
| 100 | _aShannon, Richard | ||
| 245 | 0 | _aCrisis of imperialism 1865-1915 | |
| 260 |
_aSt. Atbans _bPalladian Publications _c1974 |
||
| 300 | _ax, 512 p. | ||
| 942 | _cBK | ||
| 999 |
_c182568 _d182568 |
||